Elements of accounting : (Record no. 1260)

000 -LEADER
fixed length control field 01724cam a2200397 a 4500
003 - CONTROL NUMBER IDENTIFIER
control field CaAEU
005 - DATE AND TIME OF LATEST TRANSACTION
control field 20210624123941.0
008 - FIXED-LENGTH DATA ELEMENTS--GENERAL INFORMATION
fixed length control field 930406s1989 onc 1 0 eng d
020 ## - INTERNATIONAL STANDARD BOOK NUMBER
International Standard Book Number 0075495686 :
Canceled/invalid ISBN 0075495694 S.G. 1
-- 0075495708 S.G. 2
-- 0075499444 S.G. 3
-- 0075495716 T.G.
040 ## - CATALOGING SOURCE
Transcribing agency CaOTU
050 ## - LIBRARY OF CONGRESS CALL NUMBER
Classification number HF5635
Item number .K32 1989
055 #0 - CLASSIFICATION NUMBERS ASSIGNED IN CANADA
Classification number HF5635
Item number .K32 1989
090 0# - LOCALLY ASSIGNED LC-TYPE CALL NUMBER (OCLC); LOCAL CALL NUMBER (RLIN)
Classification number (OCLC) (R) ; Classification number, CALL (RLIN) (NR) HF 5630 .K142 1989
Local cutter number (OCLC) ; Book number/undivided call number, CALL (RLIN) AEU
100 1# - MAIN ENTRY--PERSONAL NAME
Personal name Kaluza, Henry J.,
Dates associated with a name 1930-
245 10 - TITLE STATEMENT
Title Elements of accounting :
Remainder of title a senior course /
Statement of responsibility, etc. Henry J. Kaluza, William G. Leonard, Janet L. Kennedy Ambacher.
250 ## - EDITION STATEMENT
Edition statement 3rd ed.
260 ## - PUBLICATION, DISTRIBUTION, ETC.
Place of publication, distribution, etc. Toronto :
Name of publisher, distributor, etc. McGraw-Hill Ryerson,
Date of publication, distribution, etc. c1989.
300 ## - PHYSICAL DESCRIPTION
Extent xi, 584 p. ;
Dimensions 24 cm.
336 ## - CONTENT TYPE
Content type term text
Content type code txt
Source rdacontent
337 ## - MEDIA TYPE
Media type term unmediated
Media type code n
Source rdamedia
338 ## - CARRIER TYPE
Carrier type term volume
Carrier type code nc
Source rdacarrier
500 ## - GENERAL NOTE
General note Accompanied by Instructor's guide and Solutions [tch.gd.], 1 set (8 disks) of Summation, Version 2.31 floppy disks [disks], Study guide and working papers 1 (Chapters 1-5) [wk.pap.1], Study guide and working papers 2 (Chapters 6-11) [wk.pap.2.], and Study guide and working papers 3 (Chapters 12-17) [wk.pap.3].
500 ## - GENERAL NOTE
General note Includes index.
500 ## - GENERAL NOTE
General note Instructor's guide and solutions and Working papers published in 1990.
500 ## - GENERAL NOTE
General note 1st ed. published in 1971 under title: Elements of accounting : a systems approach : advanced course.
590 ## - LOCAL NOTE (RLIN)
Local note Approved for use in Alberta schools, 1994.
650 #0 - SUBJECT ADDED ENTRY--TOPICAL TERM
Topical term or geographic name entry element Accounting.
700 1# - ADDED ENTRY--PERSONAL NAME
Personal name Leonard, W. G.
Fuller form of name (William George),
Dates associated with a name 1911-
700 1# - ADDED ENTRY--PERSONAL NAME
Personal name Ambacher, Janet L. Kennedy.
942 ## - ADDED ENTRY ELEMENTS (KOHA)
Source of classification or shelving scheme
Koha item type Book
Suppress in OPAC MM
Holdings
Withdrawn status Lost status Source of classification or shelving scheme Damaged status Not for loan Permanent Location Current Location Shelving location Date acquired Total Checkouts Full call number Barcode Date last seen Price effective from Koha item type Public note
          AU LIBRARY AU LIBRARY Open Shelf 24.06.2021   HF5635 .K32 1989 28000843 24.06.2021 24.06.2021 Book MM

Powered by Koha